Score 0/30 Timer 07:00
7 Plays Today
Hint Answer % Correct
EasyScrabble
97.1%
EasyAᗺᗷA
95.8%
Easycabbage
93%
EasyPirates of the Caribbean
92.9%
Easyrubber
91.1%
Easyblubber
89.2%
EasyEdwin Hubble
87.3%
EasyHobbit
86.3%
Easysabbath
82.3%
EasyJabba the Hutt
78.7%
MediumDobby
72.3%
MediumFlubber
71.5%
MediumBud Abbott
69.7%
MediumBobby
67.1%
MediumPebbles
66.8%
Hint Answer % Correct
MediumCalvin and Hobbes
64.3%
MediumPeter Rabbit
62.3%
MediumL. Ron Hubbard
59.8%
MediumAndrew Lloyd Webber
55.1%
MediumCribbage
49.6%
Hardbubble tea
47.9%
HardKareem Abdul-Jabbar
44.7%
HardJabberwocky
43.3%
HardTim Robbins
40.4%
Hardkibbutz
36.3%
Hardgibbon
33.4%
Hardtribble
31.4%
HardTy Cobb
30.7%
HardEntebbe
19.2%
Hardshibboleth
8.8%
Remove Ads.
Support Sporcle.
Get the best of Sporcle when you Go Orange. This ad-free experience offers more features, more stats, and more fun while also helping to support Sporcle. Thank you for becoming a member.

You're not logged in!

Compare scores with friends on all Sporcle quizzes.
OR
Log In

Show Comments

Extras

Top Quizzes Today


Score Distribution

Your Account Isn't Verified!

In order to create a playlist on Sporcle, you need to verify the email address you used during registration. Go to your Sporcle Settings to finish the process.

Report this User

Report this user for behavior that violates our Community Guidelines.

Details: